L'écrit au cinéma (notice n° 1925229)

détails MARC
000 -LEADER
fixed length control field 01545cam a2200133 4500500
005 - DATE AND TIME OF LATEST TRANSACTION
control field 20260329023154.0
041 ## - LANGUAGE CODE
Language code of text/sound track or separate title fre
042 ## - AUTHENTICATION CODE
Authentication code dc
100 10 - MAIN ENTRY--PERSONAL NAME
Personal name Chion, Michel
Relator term author
245 00 - TITLE STATEMENT
Title L'écrit au cinéma
260 ## - PUBLICATION, DISTRIBUTION, ETC.
Name of publisher, distributor, etc. Armand Colin,<br/>
Date of publication, distribution, etc. 2013.<br/>
520 ## - SUMMARY, ETC.
Summary, etc. Qu’il soit présent dans un film sous la forme de son générique, des sous-titres pour les films muets ou les versions originales, mais aussi de lettres écrites ou lues, d’écrans d’ordinateurs, d’inscriptions magiques, d’enseignes lumineuses ou de pancartes dans la rue proclamant un interdit que les personnages ignorent ou transgressent, l’écrit au cinéma n’a pas seulement un rôle utilitaire ou anecdotique. Il crie muettement son importance et dialogue symboliquement avec les voix du film, avec le récit, avec l’espace cinématographique. Il nous rappelle aussi que « graphe » dans « cinématographe » veut dire « écrit », et que le cinéma se situe par rapport au livre en situation d’héritage voire de rivalité. Déroulant au fil de nombreux exemples un parcours poétique en forme de frise, l’auteur envisage la question depuis les origines du « septième art » jusqu’à ses formes les plus récentes, où l’écrit en deux dimensions doit redéfinir sa place dans les trois dimensions du relief. Un écrit jamais totalement assimilable par le cinéma, et qu’on appellera pour cette raison « l’excrit ».
856 41 - ELECTRONIC LOCATION AND ACCESS
Uniform Resource Identifier <a href="https://shs.cairn.info/l-ecrit-au-cinema--9782200282219?lang=fr&redirect-ssocas=7080">https://shs.cairn.info/l-ecrit-au-cinema--9782200282219?lang=fr&redirect-ssocas=7080</a>

Pas d'exemplaire disponible.

PLUDOC

PLUDOC est la plateforme unique et centralisée de gestion des bibliothèques physiques et numériques de Guinée administré par le CEDUST. Elle est la plus grande base de données de ressources documentaires pour les Étudiants, Enseignants chercheurs et Chercheurs de Guinée.

Adresse

627 919 101/664 919 101

25 boulevard du commerce
Kaloum, Conakry, Guinée

Réseaux sociaux

Powered by Netsen Group @ 2025